Základy manažmentu vybrané kapitoly

Guardado en:
Detalles Bibliográficos
Autor principal: Sedlák, Mikuláš
Autor Corporativo: Vysoká škola ekonomická v Bratislave. Fakulta ekonomiky a riadenia výrobných odvetví
Formato: Libro
Lenguaje:eslovaco
Publicado: Bratislava VŠE 1991
Edición:1. vyd.
Etiquetas: Agregar Etiqueta
Sin Etiquetas, Sea el primero en etiquetar este registro!

MARC

LEADER 00000nam a2200000 4500
001 c025071
005 20260108103236.8
041 0 |a slo 
044 |a SK 
245 1 0 |a Základy manažmentu  |b vybrané kapitoly  |c Mikuláš Sedlák 
250 |a 1. vyd. 
264 1 |a Bratislava  |b VŠE  |c 1991 
300 |a 201 s. 
100 1 |a Sedlák, Mikuláš 
710 2 |a Vysoká škola ekonomická v Bratislave. Fakulta ekonomiky a riadenia výrobných odvetví